|
|
|
|
| LEADER |
00841nam a2200205 a 4500 |
| 001 |
00025115 |
| 008 |
120531r20122005enka j 000 1 eng |
| 020 |
|
|
|a 9780194220880
|
| 040 |
|
|
|a BD-DhAAL
|c BD-DhAAL
|
| 082 |
0 |
4 |
|a 428.6
|
| 100 |
1 |
|
|a Arengo, Sue
|
| 245 |
1 |
0 |
|a The little red hen :
|b Activity book /
|c Sue Arengo ;[illustrated by Laurence Cleyet-Merle].
|
| 260 |
|
|
|a Oxford :
|b Oxford University Press,
|c c2005.[reprinted 2012]
|
| 300 |
|
|
|a 26 p. :
|b col. ill. ;
|c 25cm.
|
| 490 |
1 |
|
|a Classic tales ;
|v Beginner 1
|
| 541 |
1 |
|
|e 00025115
|
| 650 |
|
0 |
|a Readers (Elementary)
|
| 852 |
1 |
|
|a Ayesha Abed library
|c General Shelf
|
| 999 |
|
|
|c 12299
|d 12299
|
| 952 |
|
|
|0 0
|1 0
|2 ddc
|4 0
|6 428_600000000000000_ARE
|7 0
|9 20338
|a BRACUL
|b BRACUL
|d 2012-05-31
|e Karim International
|l 0
|o 428.6 ARE
|p 3010025115
|r 2012-05-31
|t 1
|w 2012-05-31
|y BK
|x Transferred from BIL to BRACUL on 06/06/22
|